Culture générale - Divers #2 - Statistiques

Statistiques générales
  • Ce quiz a été pris 191 fois
    69 depuis la dernière actualisation
  • Le résultat moyen est 5 sur 15
Statistiques - réponses
Question Réponse % Correct
Lequel de ces 4 fleuves a la particularité de ne posséder aucun pont ? L'Amazone
69%
Comment appelle-t-on un nombre entier qui est égal à la somme de ses diviseurs stricts (c'est-à-dire les diviseurs autres que lui-même) ? Nombre parfait
69%
Quel auteur est considéré comme le créateur de la fable ? Ésope
56%
D'après la théorie du psychologue Paul Ekman, combien d'émotions existe-t-il ? 6
44%
Quelle construction terrestre est visible à l'œil nu depuis la Lune ? Aucune construction n'est visible depuis la Lune
44%
Quel est le prénom de l'héroïne du film d'animation Disney "Encanto : La Fantastique Famille Madrigal" (2021) qui est la seule membre de sa famille à ne pas posséder de pouvoir magique ? Mirabel
44%
En quelle année a été promulgué l'édit de Milan, qui accordait la liberté de culte au sein de l'Empire romain ? 313
38%
Comment appelle-t-on le phénomène consistant à minimiser, voire à nier, la contribution des femmes à la recherche scientifique, au profit de leurs collègues masculins ? Effet Matilda
38%
Laquelle de ces langues antiques n'a PAS été utilisée pour rédiger la Bible (livre sacré des juifs et des chrétiens) ? Latin
38%
Ces 4 monarques ont régné plus de 70 ans chacun. Mais lequel a régné le plus longtemps ? Louis XIV (France)
25%
Quel jour de la semaine tombe le plus souvent le 13e jour du mois ? Vendredi
25%
Lequel de ces mots a la particularité de ne rimer avec aucun autre mot ? Pauvre
19%
Une personne qui atteint l'âge de 100 ans est un centenaire, mais comment appelle-t-on une personne qui atteint l'âge de 110 ans ? Supercentenaire
13%
Dans l'histoire de la Grèce antique, la période allant du 8e au 5e siècle av. J.-C. voit la formation des cités-États, l'expansion coloniale dans la Méditerranée et la mer Noire, l'adoption de l'alphabet, ainsi que la rédaction des poèmes homériques. Comment appelle-t-on cette période ? Époque archaïque
6%
En moyenne, quelle est la planète la plus proche de la Terre ? Mercure
0%
Aucun quiz correspondant
Distribution des résultats
% des personnes avec chaque résultat
Percentile par nombre de réponses
Votre historique - résultats
Vous n’avez pas pris ce quiz depuis la dernière actualisation